LEADER 01301nam a2200301 a 4500 001 000000129073 003 CaOOAMICUS 005 20120525153137.0 008 120525m2011 it u000 u ita r 020 $a978-88-6409-118-1 040 $aPUL$bita 082 04$a241.4 100 1 $aTyn, Tomas,$d1950-1990.$0(OLS)http://pul/name/82596 245 10$aSaggio sull'etica esistenziale formale di Karl Rahner /$cP. Tomas Tyn O.P. ; a cura di P. Giovanni Cavalcoli O.P. 260 $aVerona :$bFede & Cultura,$c©2011. 300 $a295 p. ;$c24 cm 490 1 $aCollana filosofica ;$v15 650 4$aEtica teologica.$0(OLS)http://pul/subject/38268 700 1 $aCavalcoli, P. Giovanni,$cO.P.,$d1941-$0(OLS)http://pul/name/37859 830 0$aCollana filosofica ;$v15.$0(OLS)http://pul/title/163093 850 $aPUL 852 $aPUL$W1$xSL Religione 3$y85$m241. 4 TYNTO 1$j149452$qDDC 21$q $B147989$CPULBib$Z2$F147989 $H119792 $81 941 1 $a9 996 $6020$a978-88-6409-118-1$9(OLS)http://pul/number/149825 996 $6082$a241.4$9(OLS)http://pul/classification/1773 996 $6245$aSaggio sull'etica esistenziale formale di Karl Rahner$9(OLS)http://pul/title/163094 996 $6260$aVerona :$bFede & Cultura$9(OLS)http://pul/publisher/79442 LEADER 01199nam a2200277 u 4500 001 000000106539 003 CaOOAMICUS 005 20070831142615.0 008 070831s2003 it u000 u ita u 040 $aPUL$bita$dLDB 041 0 $aitaenggerfre 245 00$aUnità della coscienza e unicità di Dio in Hermann Cohen /$ca cura di G. Gigliotti, I. Kajon, A. Poma. 260 $aPadova :$bCEDAM,$c2003. 300 $a508 p. ;$c24 cm. 490 1 $aArchivio di filosofia ;$vanno [71] (2003) 600 14$aCohen, Hermann,$d1842-1918.$0(OLS)http://pul/subject/23938 700 1 $aKajon, Irene.$0(OLS)http://pul/name/54649 700 1 $aPoma, Andrea.$0(OLS)http://pul/name/5558 700 1 $aGigliotti, Gianna.$0(OLS)http://pul/name/40922 830 0$aArchivio di filosofia (CEDAM).$0(OLS)http://pul/title/133675 850 $aPUL 852 $aPUL$W1$xSL Filosofia 1$y2$m97 L 71$j120459$aAnno 71, n. 1-3 (2003)$qStampati$B119704$CPULBib$Z2$F119704 $82 941 1 $a8 983 0$aArchivio di filosofia (Fabrizio Serra) 996 $6245$aUnità della coscienza e unicità di Dio in Hermann Cohen$9(OLS)http://pul/title/134162 996 $6260$aPadova :$bCEDAM$9(OLS)http://pul/publisher/48126